Amos del mundo : una historia de las conspiraciones /

Análisis sobre el origen y mecanismos que dan lugar a las teorías conspirativas y las razones que conducen a las personas -aún las más razonables- ha creer en inverosímiles tesis, cuyo autor recurre a fuentes de la historia, la literatura y de la cultura popular cinematográfica y televisual. Creyent...

Полное описание

Сохранить в:
Библиографические подробности
Главный автор: Castillón, Juan Carlos (autor)
Формат:
Язык:испанский
Опубликовано: México : Debate, 2006, c2006
Серии:(Arena Abierta)
Предметы:
Метки: Добавить метку
Нет меток, Требуется 1-ая метка записи!

MARC

LEADER 00000nam^a2200000^a^4500
001 000189842
005 20250521000000.0
009 20260310102429.178
020 |a 968-5961-26-3 
037 |a Acervo ITESO - Biblioteca 
041 |a ESP 
082 |a 320. 01  |b CAS 
100 |a Castillón, Juan Carlos  |e (autor) 
245 1 0 |a Amos del mundo :  |b una historia de las conspiraciones /  |c J.C. Castillón. 
264 4 |a México :  |b Debate,  |c 2006, c2006 
300 |a 347 p. 
336 |a texto  |b txt  |2 rdacontenido 
337 |a sin mediación  |b n  |2 rdamedio 
338 |a volumen  |b nc  |2 rdasoporte 
440 1 |a (Arena Abierta) 
520 |a Análisis sobre el origen y mecanismos que dan lugar a las teorías conspirativas y las razones que conducen a las personas -aún las más razonables- ha creer en inverosímiles tesis, cuyo autor recurre a fuentes de la historia, la literatura y de la cultura popular cinematográfica y televisual. Creyente en las conspiraciones durante su juventud, Juan Carlos Castillón lleva al lector a un mundo donde los hombres jamás han llegado a la Luna, el SIDA fue creado por laboratorios norteamericanos, la princesa Diana de Gales fue asesinada por los servicios secretos británicos y aparecen los tradicionales protagonistas de las paranoias conspirativas: masones, judíos, jesuitas, integrantes de fraternidades secretas, etcétera. 
649 |a XX 
650 |a Judíos 
650 |a Masones 
650 |a Sectas 
650 |a Conspiración -  |x Historia -  |x Tema Principal 
650 |a Paranoia 
650 |a Antisemitismo 
650 |a Racismo 
650 |a Discriminación 
650 |a Cultura Política 
650 |a Cultura Popular 
650 |a Psicología Social 
650 |a Psicología Política 
650 |a Política 
910 |a Fondo General 
920 |a Impresos - Libros 
930 |a Colección General 
905 |a 101 
901 |a 0500132908  |b IT1  |c ACC  |u 20250521 
902 |a https://opac.biblio.iteso.mx/vufind/Record/000189842